Comercio exterior

Enregistré dans:
Détails bibliographiques
Format: Publication en série
Langue:espagnol
Publié: Mexico Banco Nacional de Comercio Exterior 1997
Sujets:
Tags: Ajouter un tag
Pas de tags, Soyez le premier à ajouter un tag!

MARC

LEADER 00000nas2a2200000 4500
001 s121564
005 20221221065758.5
022 |a 0185-0601 
041 0 |a spa 
044 |a MX 
245 1 0 |a Comercio exterior 
264 1 |a Mexico  |b Banco Nacional de Comercio Exterior  |c 1997 
300 |a 2 zv. 
500 |a Chýba č. 11 
773 0 |w eu_un_cat*s120108 
610 2 0 |a politika obchodná 
610 2 0 |a obchod zahraničný